Journal of the Indian Chemical Society. (Record no. 21782)
[ view plain ]
| 000 -LEADER | |
|---|---|
| fixed length control field | 01448nam a22003737a 4500 |
| 005 - DATE AND TIME OF LATEST TRANSACTION | |
| control field | 20090120164223.0 |
| 008 - FIXED-LENGTH DATA ELEMENTS--GENERAL INFORMATION | |
| fixed length control field | 741003c19289999ii mr0p| 00| 0 eng |
| 022 ## - INTERNATIONAL STANDARD SERIAL NUMBER | |
| International Standard Serial Number | 0019-4522 |
| 040 ## - CATALOGING SOURCE | |
| Original cataloging agency | DNLM |
| Transcribing agency | DNLM |
| Modifying agency | NSDP |
| -- | OCoLC |
| -- | NSDP |
| -- | InU |
| -- | OCoLC |
| -- | OCoLC |
| -- | AIP |
| -- | DLC |
| -- | NST |
| -- | OCoLC |
| 042 ## - AUTHENTICATION CODE | |
| Authentication code | nsdp |
| -- | lc |
| 050 ## - LIBRARY OF CONGRESS CALL NUMBER | |
| Classification number | QD1 |
| Item number | .I57 |
| 060 ## - NATIONAL LIBRARY OF MEDICINE CALL NUMBER | |
| Classification number | W1 |
| Item number | JO93S |
| 082 ## - DEWEY DECIMAL CLASSIFICATION NUMBER | |
| Classification number | 540.5 |
| 210 ## - ABBREVIATED TITLE | |
| Abbreviated title | J. Indian Chem. Soc. |
| 222 ## - KEY TITLE | |
| Key title | Journal of the Indian Chemical Society |
| 245 ## - TITLE STATEMENT | |
| Title | Journal of the Indian Chemical Society. |
| 260 ## - PUBLICATION, DISTRIBUTION, ETC. (IMPRINT) | |
| Place of publication, distribution, etc | Calcutta : |
| Name of publisher, distributor, etc | Indian Chemical Society, |
| 300 ## - PHYSICAL DESCRIPTION | |
| Extent | v. : |
| Other physical details | ill. ; |
| Dimensions | 24 cm. |
| 310 ## - CURRENT PUBLICATION FREQUENCY | |
| Current publication frequency | Monthly, |
| Date of current publication frequency | Jan. 30, 1930- |
| 321 ## - FORMER PUBLICATION FREQUENCY | |
| Former publication frequency | Bimonthly |
| -- | <, Feb. 28>-Dec. 31, 1929 |
| 362 ## - DATES OF PUBLICATION AND/OR SEQUENTIAL DESIGNATION | |
| Dates of publication and/or sequential designation | Began with: Vol. 5, published in 1928. |
| 500 ## - GENERAL NOTE | |
| General note | Description based on: Vol. 31, no. 1 (Jan. 1954); title from cover. |
| 510 ## - CITATION/REFERENCES NOTE | |
| Name of source | Chemical abstracts |
| International Standard Serial Number | 0009-2258 |
| 590 ## - LOCAL NOTE (RLIN) | |
| Local note | SERBIB/SERLOC merged record |
| 650 ## - SUBJECT ADDED ENTRY--TOPICAL TERM | |
| Topical term or geographic name as entry element | Chemistry |
| Form subdivision | Periodicals. |
| 650 ## - SUBJECT ADDED ENTRY--TOPICAL TERM | |
| Topical term or geographic name as entry element | Chemistry |
| Form subdivision | Periodicals. |
| 710 ## - ADDED ENTRY--CORPORATE NAME | |
| Corporate name or jurisdiction name as entry element | Indian Chemical Society. |
| 780 ## - PRECEDING ENTRY | |
| Title | Quarterly journal - Indian Chemical Society |
| 270 ## - ADDRESS | |
| Address | 92, Acharya prafulla Chandra Road |
| City | Kolkata |
| Country | India |
| Postal code | 700009 |
| Telephone number | 033-23609497 |
| Electronic mail address | indi3478@dataone.in |
| 906 ## - LOCAL DATA ELEMENT F, LDF (RLIN) | |
| a | 7 |
| b | cbc |
| c | serials |
| d | u |
| e | ncip |
| f | 19 |
| g | n-oclcserc |
| 942 ## - ADDED ENTRY ELEMENTS (KOHA) | |
| Source of classification or shelving scheme | Dewey Decimal Classification |
| Item type | Periodicals |
| Classification part | 540 |
| Call number suffix | JOU |
| Serial record | 1 |
| Withdrawn status | Lost status | Source of classification or shelving scheme | Damaged status | Not for loan | Collection code | Home library | Current library | Date acquired | Total Checkouts | Full call number | Date last seen | Price effective from | Koha item type |
|---|---|---|---|---|---|---|---|---|---|---|---|---|---|
| Dewey Decimal Classification | Not For Loan | Non-fiction | D.B.Act.Division | D.B.Act.Division | 20/01/2009 | 540 JOU | 20/01/2009 | 20/01/2009 | Periodicals |
